<?xml version="1.0" encoding="UTF-8"?>
<record
    xmlns:xsi="http://www.w3.org/2001/XMLSchema-instance"
    xsi:schemaLocation="http://www.loc.gov/MARC21/slim http://www.loc.gov/standards/marcxml/schema/MARC21slim.xsd"
    xmlns="http://www.loc.gov/MARC21/slim">

  <leader>02457    a2200217   4500</leader>
  <controlfield tag="001">25021</controlfield>
  <controlfield tag="005">20260407155533.0</controlfield>
  <controlfield tag="008">260407a1968    arg                 spa d</controlfield>
  <controlfield tag="003">AR-UNSa-BCEJYS</controlfield>
  <datafield tag="040" ind1=" " ind2=" ">
    <subfield code="a">AR-UNSa-BCEJYS</subfield>
    <subfield code="b">spa</subfield>
    <subfield code="c">AR-UNSa-BCEJYS</subfield>
  </datafield>
  <datafield tag="080" ind1=" " ind2=" ">
    <subfield code="a">519.22</subfield>
    <subfield code="x">Teor&#xED;a estad&#xED;stica. Modelos estad&#xED;sticos. Estad&#xED;stica matem&#xE1;tica en general
</subfield>
  </datafield>
  <datafield tag="245" ind1="1" ind2="0">
    <subfield code="a">M&#xE9;todos matem&#xE1;ticos de estad&#xED;stica</subfield>
  </datafield>
  <datafield tag="250" ind1=" " ind2=" ">
    <subfield code="a">4a. ed</subfield>
  </datafield>
  <datafield tag="264" ind1=" " ind2="1">
    <subfield code="a">Madrid :</subfield>
    <subfield code="b">Aguilar</subfield>
    <subfield code="c">1968</subfield>
  </datafield>
  <datafield tag="300" ind1=" " ind2=" ">
    <subfield code="a">660 p.</subfield>
    <subfield code="c">21 cm.</subfield>
  </datafield>
  <datafield tag="505" ind1=" " ind2=" ">
    <subfield code="a">Parte I : Introducci&#xF3;n Matem&#xE1;tica : 1. Propiedades generales de los conjuntos - 2. Conjuntos lineales de puntos - 3. Conjuntos de puntos en n dimensiones - 4. La medida de Lebesenge de un conjunto, lineal de puntos - 5. La integral de Lebesegue para funciones de una variable - 6. Funciones de conjunto no negativas y aditivas en el espacio R1 - 7. La integal de Stieltjes- Lebesgue para funciones de una variable - 8. Medida de Lebesegue y otras funciones de conjunto aditivas en Rn - 9. La integral de Stieltjes- Lebesegue para funciones de n variables - 10. Integrales de Fourier - 11. Matrices, determinantes y formas cuadr&#xE1;ticas - 12. Complementos varios - Parte II : Variables Aleatorias y distribuciones de probabilidad : 13. Estad&#xED;stica y probabilidad - 14. Axiomas y definiciones fundamentales - 15. Popiedades generales - 16. Varias distribuciones discretas - 17. Distribuci&#xF3;n normal - 18. Varias distribuciones relacionadas con la normal - 19. Otras distribuciones continuas - 20. Algunos teoremas de convergencia - 21. El caso bidimensional - 22. Propiedades generales de las distribuciones en Rn - 23. Regresi&#xF3;n y correlaci&#xF3;n en n variables - 24. La distribuci&#xF3;n normal - Parte III : Inferencia Estad&#xED;stica : 25. Nociones preliminares sobre muestreo - 26. Inferencia estad&#xED;stica - 27. Caracter&#xED;sticas de las distribuciones en el muestreo - 28. Propiedades asint&#xF3;ticas de distribuciones en el muestreo - 29. Distribuciones exactas en el muestreo - 30. D&#xF3;cimas de la bondad del ajuste y otras d&#xF3;cimas an&#xE1;logas - 31. D&#xF3;cimas de significaci&#xF3;n para par&#xE1;metros - 32. Clasificaci&#xF3;n de las estimaciones - 33. M&#xE9;todos de estimaci&#xF3;n - 34. Regiones de confianza - 35. Teor&#xED;a general de la docimasia de hip&#xF3;tesis estad&#xED;sticas - 36. An&#xE1;lisis de la varianza - 37. Algunos problemas de regresi&#xF3;n. </subfield>
  </datafield>
  <datafield tag="942" ind1=" " ind2=" ">
    <subfield code="c">BK</subfield>
  </datafield>
  <datafield tag="590" ind1=" " ind2=" ">
    <subfield code="a">niveau_biblio:m niveau_hierar:0</subfield>
  </datafield>
  <datafield tag="100" ind1="1" ind2=" ">
    <subfield code="a">Cansado, Enrique</subfield>
  </datafield>
  <datafield tag="700" ind1="1" ind2=" ">
    <subfield code="a">Cram&#xE9;r, Harald</subfield>
  </datafield>
  <datafield tag="999" ind1=" " ind2=" ">
    <subfield code="c">1266</subfield>
    <subfield code="d">1266</subfield>
  </datafield>
  <datafield tag="952" ind1=" " ind2=" ">
    <subfield code="0">0</subfield>
    <subfield code="1">0</subfield>
    <subfield code="4">0</subfield>
    <subfield code="7">0</subfield>
    <subfield code="a">BCEJYS</subfield>
    <subfield code="b">BCEJYS</subfield>
    <subfield code="c">16</subfield>
    <subfield code="d">2026-04-07</subfield>
    <subfield code="l">0</subfield>
    <subfield code="o">519.22 C889</subfield>
    <subfield code="p">L24500</subfield>
    <subfield code="r">2026-04-07 15:55:33</subfield>
    <subfield code="w">2026-04-07</subfield>
    <subfield code="y">L</subfield>
  </datafield>
  <datafield tag="952" ind1=" " ind2=" ">
    <subfield code="0">0</subfield>
    <subfield code="1">0</subfield>
    <subfield code="4">0</subfield>
    <subfield code="7">0</subfield>
    <subfield code="a">BCEJYS</subfield>
    <subfield code="b">BCEJYS</subfield>
    <subfield code="c">16</subfield>
    <subfield code="d">2026-04-07</subfield>
    <subfield code="l">0</subfield>
    <subfield code="o">519.22 C889</subfield>
    <subfield code="p">L20577</subfield>
    <subfield code="r">2026-04-07 15:55:33</subfield>
    <subfield code="w">2026-04-07</subfield>
    <subfield code="y">L</subfield>
  </datafield>
</record>
